Február

Bibliographic Details
Main Author: Simon, István 1926-1975 (Author)
Format: Article
Language:Hungarian
ISSN:1335-6593
Subjects:

MARC

LEADER 00000nab a2200000 ar4500
001 vtls008953225
003 SK-MaSNL
005 20260303070250.0
008 070308c2007 xo |||||||| |000 b|hun
015 |a SNBRB2007/03  |2 snkbucl 
038 |a SNKBUCL 
040 |a DSZK  |b slo  |c DSZK  |e AACR2 
041 0 |a hun 
044 |a xo  |c SK 
080 |a 821.511.141-93=511.141  |2 1997 
080 |a 821.511.141-1(0.053.2)=511.141  |2 1997 
100 1 |a Simon, István  |d 1926-1975  |4 aut  |9 854277 
245 1 0 |a Február  |c Simon István 
650 0 7 |a maďarská poézia  |2 SNKPH  |9 1294 
650 0 7 |a poézia pre deti  |2 SNKPH  |9 31212 
773 0 |t Tábortűz  |g Évf. 56, sz. február (2007), o. 26  |x 1335-6593 
852 |a SNK  |b KIS3GCP 
852 |a DSZK  |b KIS3GCP 
958 |a HU 
958 |a LX 
958 |a DB 
999 |c 1754599  |d 1756529